LEADER 01815oam 2200541K 450 001 9910712932703321 005 20180924045851.8 024 8 $aGOVPUB-C13-dbbac9f0284fe63ce799ed81b2110789 035 $a(CKB)5470000002498868 035 $a(OCoLC)742281897 035 $a(OCoLC)995470000002498868 035 $a(EXLCZ)995470000002498868 100 $a20110721d1976 uy 0 101 0 $aeng 135 $aurun||||a|a|| 181 $ctxt$2rdacontent 182 $cc$2rdamedia 183 $acr$2rdacarrier 200 10$aAnalysis of reinforced concrete beams subjected to fire /$fBruce Ellingwood and James R. Shaver 210 1$aWashington :$cU.S. Dept. of Commerce, National Bureau of Standards :$cFor sale by the Supt. of Docs., U.S. Govt. Print. Off.,$d1976. 215 $a1 online resource (vi, 73 pages) $cillustrations 225 1 $aNBS building science series ;$v76 300 $aContributed record: Metadata reviewed, not verified. Some fields updated by batch processes. 320 $aIncludes bibliographical references (page 41). 606 $aConcrete beams$xThermal properties 606 $aFire testing 606 $aFire testing$2fast 615 0$aConcrete beams$xThermal properties. 615 0$aFire testing. 615 7$aFire testing. 676 $a690/.021 s 676 $a624/.1834 700 $aEllingwood$b Bruce R$01387771 702 $aShaver$b James R. 712 02$aUnited States.$bNational Bureau of Standards. 801 0$bOCLCE 801 1$bOCLCE 801 2$bOCLCQ 801 2$bWAU 801 2$bOCLCA 801 2$bOCLCQ 801 2$bOCLCO 801 2$bOCLCQ 801 2$bOCLCF 906 $aBOOK 912 $a9910712932703321 996 $aAnalysis of reinforced concrete beams subjected to fire$93443213 997 $aUNINA LEADER 02329nam 2200613 a 450 001 9910959849203321 005 20200520144314.0 010 $a9780268079642 010 $a0268079641 035 $a(CKB)2560000000052402 035 $a(OCoLC)694144456 035 $a(CaPaEBR)ebrary10423294 035 $a(SSID)ssj0000485311 035 $a(PQKBManifestationID)11284824 035 $a(PQKBTitleCode)TC0000485311 035 $a(PQKBWorkID)10603452 035 $a(PQKB)11032344 035 $a(MiAaPQ)EBC3440970 035 $a(MdBmJHUP)muse9943 035 $a(Au-PeEL)EBL3440970 035 $a(CaPaEBR)ebr10423294 035 $a(Perlego)1689867 035 $a(EXLCZ)992560000000052402 100 $a20070510d2007 uy 0 101 0 $aeng 135 $aurcn||||||||| 181 $ctxt 182 $cc 183 $acr 200 10$aIreland now $etales of change from the global island /$fWilliam Flanagan 205 $a1st ed. 210 $aNotre Dame, Ind. $cUniversity of Notre Dame Press$dc2007 215 $a1 online resource (287 p.) 300 $aBibliographic Level Mode of Issuance: Monograph 311 08$a9780268028862 311 08$a0268028869 320 $aIncludes bibliographical references (p. 275-278). 327 $aThere is no map of Ireland -- In the teeth of the tiger -- Strangers at home -- No traditions without change : listeners make the music -- Passing on the farms : from family to Euro-business -- Parish life : the job of keeping the faith in changing times -- The new Irish -- Global Ireland and places called home. 330 $aThis book is an accessible guide to understanding how Ireland and the Irish people were changing socially and economically at the turn of the 21st century. 606 $aNational characteristics, Irish 607 $aIreland$xEconomic conditions 607 $aIreland$xSocial conditions 607 $aIreland$xSocial life and customs$y20th century 607 $aIreland$xSocial life and customs$y21st century 615 0$aNational characteristics, Irish. 676 $a941.70824 700 $aFlanagan$b William G$g(William George),$f1942-$032179 801 0$bMiAaPQ 801 1$bMiAaPQ 801 2$bMiAaPQ 906 $aBOOK 912 $a9910959849203321 996 $aIreland now$94359665 997 $aUNINA LEADER 02740nam0 22005413i 450 001 PUV0089942 005 20251003044310.0 020 $aIT$b84-13178 100 $a19961212d1984 ||||0itac50 ba 101 | $aita$afre$aeng 102 $ait 181 1$6z01$ai $bxxxe 182 1$6z01$an 183 1$6z01$anc$2RDAcarrier 200 1 $aStrutture familiari, epidemie, migrazioni nell'Italia medievale$fa cura di Rinaldo Comba, Gabriella Piccinni, Giuliano Pinto 210 $aNapoli$cEdizioni scientifiche italiane$d[1984] 215 $a542 p.$cill.$d24 cm 225 | $aNuove ricerche di storia$v2 300 $aAtti del Convegno internazionale: Problemi di storia demografica nell'Italia medievale, Siena, 28-30 gennaio 1983. 410 0$1001CFI0161280$12001 $aNuove ricerche di storia$v2 606 $aFamiglia$xItalia$xSec. 13.-15.$xCongressi$x1983$2FIR$3SBLC118300$9I 606 $aPopolazione$xComposizione$xItalia$xSec. 13.-15.$xCongressi$x1983$2FIR$3SBLC118301$9I 676 $a301.42$9FAMIGLIA E MATRIMONIO$v18 676 $a301.42$9(ERRATA V.306.8)FAMIGLIA E MATRIMONIO$v20 676 $a306.8$9CULTURA E ISTITUZIONI. MATRIMONIO E FAMIGLIA$v19 676 $a306.8$9MATRIMONIO E FAMIGLIA$v20 696 $aConvegni$aCongressi e convegni 696 $aConvegni$aCongressi e convegni$aPopolazione umana 699 $aCongressi$yConvegni 699 $aCongressi$yCongressi e convegni 699 $aCongressi$yConvegni 699 $aCongressi$yCongressi e convegni 699 $aPopolazione$yPopolazione umana 702 1$aComba$b, Rinaldo$3CFIV016796 702 1$aPinto$b, Giuliano$3CFIV042062 702 1$aPiccinni$b, Gabriella$3RAVV073347 801 3$aIT$bIT-000000$c19961212 850 $aIT-BN0095 $aIT-AV0001 $aIT-NA0079 $aIT-NA0120 $aIT-NA0097 901 $bNAP BN$cMAGAZZINO $nmagazzini correnti divisi per anni 901 $bNAP AL$cCARUSO $n$ 901 $bNAP BN$cC $nComprende volumi con collocazioni per formato catalogati prima del 1987. La consegna del doc. é effettuata dall'Uff. Distribuzione. 901 $bNAP SP$cNF. $nNUOVO FONDO 901 $bNAP 01$cPOZZO LIB.$nVi sono collocati fondi di economia, periodici di ingegneria e scienze, periodici di economia e statistica e altri fondi comprendenti documenti di economia pervenuti in dono. 912 $aPUV0089942 950 0$aBiblioteca Centralizzata di Ateneo$c1 v.$d 01POZZO LIB.ECON MON 5961$e 0101 0070016515E VMA (0002 v. 2$fB $h20210504$i20210504 977 $a 01$a AL$a BN$a CR$a SP 996 $aStrutture familiari, epidemie, migrazioni nell'Italia medievale$9469804 997 $aUNISANNIO